Vývoj podnikateľského prostredia v krajinách V4

Pojem podnikateľské prostredie. Indexy hodnotenia podnikateľského prostredia. Vybrané inštitúcie a indexy hodnotenia podnikateľského prostredia. Vývoj Indexu globálnej konkurencieschopnosti krajín Vyšehradskej štvorky. Vývoj Indexu ekonomickej slobody krajín V4. Hodnotenie kvality podnikateľského pr...

Full description

Saved in:
Bibliographic Details
Main Author: Bruothová, Michaela, 1979-
Format: Book Chapter
Language:Slovak
Subjects:
Tags: Add Tag
No Tags, Be the first to tag this record!

MARC

LEADER 00000nla a2200000 4500
001 0238903
005 20240502073851.8
041 0 |a slo 
044 |a SK 
245 1 0 |a Vývoj podnikateľského prostredia v krajinách V4  |c Michaela Bruothová 
520 |a Pojem podnikateľské prostredie. Indexy hodnotenia podnikateľského prostredia. Vybrané inštitúcie a indexy hodnotenia podnikateľského prostredia. Vývoj Indexu globálnej konkurencieschopnosti krajín Vyšehradskej štvorky. Vývoj Indexu ekonomickej slobody krajín V4. Hodnotenie kvality podnikateľského prostredia Vyšehradskej štvorky. 
610 2 0 |a prostredie podnikateľské 
610 2 0 |a konkurencieschopnosť 
610 2 0 |a Vyšehradská štvorka 
610 2 0 |a index ekonomickej zraniteľnosti 
610 2 0 |a sloboda ekonomická 
100 1 |a Bruothová, Michaela, 1979-